000 00363 a2200133 4500
005 20250312123826.0
020 _a0 903274 06 X
082 _a330.09603 OKW
100 _aOKWUOSA, E. A.
245 _aNew Direction for Economic Development in Africa
260 _aLondon,
_bAfrica books,
_c1976.
300 _a222p.: ill.; table.
_bReferences.
_c24cm.
942 _2ddc
_cBKS
999 _c475
_d475